000 00323nam a2200121 i 4500
001 bg
245 0 _aPomiary urządzeń telewizji czarno-białej i kolorowej /
_cpod kier. W. Trzebuni-Siwickiej.
260 _aWarszawa,
_c1983.
040 _cBPK
041 _apol
942 _cKS
008 s pl f |000 0 pol
999 _c21964
_d21964
856 _uhttp://koha.tu.koszalin.pl/cgi-bin/koha/opac-detail.pl?biblionumber=21964
_yKatalog online BPK